[Event "TUR Cup"]
[Site "Denizli"]
[Date "2023.07.17"]
[Round "3"]
[White "Kayis, Merve"]
[Black "Pulat, Gulce"]
[Result "1/2-1/2"]
[WhiteElo "1416"]
[BlackElo "1467"]
[PlyCount "62"]
[EventDate "2023.07.16"]
[EventType "team-tourn"]
[EventRounds "9"]
[EventCountry "TUR"]
[SourceTitle "CBM 215 Extra"]
[Source "ChessBase"]
[SourceDate "2023.09.30"]
[SourceVersion "1"]
[SourceVersionDate "2023.09.30"]
[SourceQuality "1"]

1. d4 Nf6 2. c4 g6 3. Nc3 Bg7 4. e4 d6 5. Be2 0-0 6. Be3 e5 7. d5 a5 8. h3 Na6 9. Nf3 Rb8 10. 0-0 Nh5 11. Qd2 f5 12. Bg5 Qe8 13. Nh2 Nf6 14. f3 f4 15. Ng4 Nxg4 16. fxg4 Bd7 17. Bh4 Nc5 18. Bf2 Bf6 19. Rab1 b6 20. Qc2 h5 21. gxh5 gxh5 22. Qd1 h4 23. Bg4 Rf7 24. Bh5 Qe7 25. Bxf7+ Qxf7 26. Kh1 Rf8 27. Qf3 Qg6 28. Rbe1 Bc8 29. Rb1 Nd7 30. Nb5 Bd8 31. Nc3 Bf6 1/2-1/2

[Event "TUR-ch (Women)"]
[Site "Ankara"]
[Date "2020.03.07"]
[Round "8"]
[White "Akin, Duru"]
[Black "Pulat, Gulce"]
[Result "0-1"]
[WhiteElo "1629"]
[BlackElo "1539"]
[PlyCount "116"]
[EventDate "2020.03.02"]
[EventType "swiss"]
[EventRounds "9"]
[EventCountry "TUR"]
[SourceTitle "CBM 195 Extra"]
[Source "ChessBase"]
[SourceDate "2020.05.31"]
[SourceVersion "1"]
[SourceVersionDate "2020.05.31"]
[SourceQuality "1"]

1. e4 e5 2. Nf3 Nc6 3. Bb5 a6 4. Ba4 d6 5. c3 Bd7 6. Qe2 g6 7. 0-0 Nge7 8. Rd1 b5 9. Bc2 Bg7 10. d3 0-0 11. Nbd2 h6 12. Bb3 Na5 13. d4 Qe8 14. dxe5 dxe5 15. Bc2 c5 16. Nf1 Qc8 17. Ng3 Rd8 18. Be3 Nc4 19. Bd3 Nxe3 20. Qxe3 c4 21. Be2 Be6 22. Rxd8+ Qxd8 23. Qc5 Rc8 24. Qa7 Ra8 25. Qb7 Kf8 26. Rd1 Qb8 27. Qxb8+ Rxb8 28. Rd6 Ra8 29. Nf1 Ke8 30. Ne3 Nc8 31. Rd1 Nb6 32. Rd6 Na4 33. Rd2 Rd8 34. Rc2 Nc5 35. Nd2 f5 36. exf5 gxf5 37. Bh5+ Ke7 38. Ndf1 f4 39. Nd1 Bf5 40. Rd2 Rxd2 41. Nxd2 Bc2 42. Kf1 Na4 43. b3 Bxd1 44. Bxd1 Nxc3 45. Bc2 cxb3 46. Bxb3 a5 47. Bg8 e4 48. g3 e3 49. fxe3 fxe3 50. Nf3 Kd6 51. Nh4 Kc5 52. Nf5 Bd4 53. Nxh6 Kb4 54. Nf7 e2+ 55. Ke1 Bg1 56. h4 Bh2 57. g4 Bg3+ 58. Kd2 e1Q+ 0-1

[Event "TUR-ch (Women)"]
[Site "Ankara"]
[Date "2020.03.03"]
[Round "2"]
[White "Aslan, Cagla Yaren"]
[Black "Pulat, Gulce"]
[Result "1-0"]
[WhiteElo "1847"]
[BlackElo "1539"]
[PlyCount "104"]
[EventDate "2020.03.02"]
[EventType "swiss"]
[EventRounds "9"]
[EventCountry "TUR"]
[SourceTitle "CBM 195 Extra"]
[Source "ChessBase"]
[SourceDate "2020.05.31"]
[SourceVersion "1"]
[SourceVersionDate "2020.05.31"]
[SourceQuality "1"]

1. Nf3 Nf6 2. d4 g6 3. Nbd2 Bg7 4. e4 d6 5. Bd3 0-0 6. 0-0 Nc6 7. d5 Nb4 8. Be2 a5 9. c3 Na6 10. Qc2 Nc5 11. b3 Re8 12. Bb5 Bd7 13. Bxd7 Qxd7 14. Bb2 e5 15. Rfe1 Nh5 16. Nf1 Nf4 17. Ng3 Ncd3 18. Re3 Nxb2 19. Qxb2 Bh6 20. Qb1 Kh8 21. c4 Nh5 22. Nxh5 gxh5 23. Rc3 Rg8 24. g3 Qg4 25. Kg2 Rg7 26. h3 Qf4 27. Kh2 Qf6 28. Qe1 Bg5 29. Nxg5 Qxg5 30. Qe3 Qg6 31. h4 f5 32. exf5 Qxf5 33. c5 Rf7 34. cxd6 cxd6 35. Kg2 Raf8 36. Rf1 e4 37. Rc4 Qf3+ 38. Qxf3 exf3+ 39. Kh2 Rf5 40. Rd1 R8f7 41. Rc8+ Kg7 42. Rd8 Re5 43. Rxd6 Re2 44. Kg1 Rxa2 45. Re6 Re2 46. Rxe2 fxe2 47. Re1 Rd7 48. Rxe2 Kf6 49. Re6+ Kf5 50. Rh6 Rxd5 51. Rxh7 Kg4 52. Rxb7 Kh3 1-0

[Event "TUR Cup"]
[Site "Antalya"]
[Date "2020.01.30"]
[Round "8"]
[White "Eryigit, Cengiz"]
[Black "Pulat, Gulce"]
[Result "0-1"]
[WhiteElo "1126"]
[BlackElo "1539"]
[PlyCount "42"]
[EventDate "2020.01.26"]
[EventType "swiss"]
[EventRounds "11"]
[EventCountry "TUR"]
[SourceTitle "CBM 194 Extra"]
[Source "ChessBase"]
[SourceDate "2020.03.31"]
[SourceVersion "1"]
[SourceVersionDate "2020.03.31"]
[SourceQuality "1"]

1. e4 e5 2. Nf3 Nc6 3. Bc4 Nf6 4. Ng5 d5 5. exd5 Na5 6. Bb5+ c6 7. dxc6 bxc6 8. Qf3 Bd7 9. Be2 Be7 10. h3 0-0 11. 0-0 Nd5 12. Ne4 f5 13. Nec3 e4 14. Qg3 f4 15. Qh2 f3 16. gxf3 exf3 17. Nxd5 cxd5 18. Bd1 Nb7 19. d3 Bd6 20. Qh1 Qf6 21. Nc3 Qg6+ 0-1

[Event "TUR Cup"]
[Site "Antalya"]
[Date "2020.01.29"]
[Round "6"]
[White "Acar, Kaan"]
[Black "Pulat, Gulce"]
[Result "1/2-1/2"]
[WhiteElo "1636"]
[BlackElo "1539"]
[PlyCount "132"]
[EventDate "2020.01.26"]
[EventType "swiss"]
[EventRounds "11"]
[EventCountry "TUR"]
[SourceTitle "CBM 194 Extra"]
[Source "ChessBase"]
[SourceDate "2020.03.31"]
[SourceVersion "1"]
[SourceVersionDate "2020.03.31"]
[SourceQuality "1"]

1. e4 e5 2. Bc4 Nf6 3. d3 c6 4. Nf3 d5 5. Bb3 a5 6. a4 Bd6 7. Nc3 dxe4 8. Ng5 0-0 9. Ncxe4 h6 10. Nxf6+ Qxf6 11. Ne4 Qd8 12. Qh5 Bb4+ 13. Kf1 Be6 14. Bxe6 fxe6 15. Qg6 Kh8 16. Qxe6 Qd5 17. Qg6 Qf7 18. Qg3 Nd7 19. Be3 Rae8 20. h4 Nf6 21. Nxf6 Qxf6 22. h5 e4 23. d4 Bd6 24. Qg4 Bf4 25. Qxf4 Qxf4 26. Bxf4 Rxf4 27. Ke2 e3 28. fxe3 Rxd4 29. b3 Rde4 30. Rh3 R4e5 31. c4 Rg5 32. Rg1 Ree5 33. g4 b5 34. Kd3 bxc4+ 35. bxc4 Re8 36. Rf3 Rge5 37. Rb1 Rd8+ 38. Ke2 Re4 39. Rf4 Rde8 40. Rxe4 Rxe4 41. Kd3 Rxg4 42. Rb8+ Kh7 43. Rc8 Rg5 44. Rxc6 Rxh5 45. Rc7 Kg8 46. e4 g5 47. Rc5 Rh3+ 48. Ke2 Rh2+ 49. Kf3 Rc2 50. Kg4 Kf7 51. Rc6 Rg2+ 52. Kf3 Ra2 53. Rxh6 Rxa4 54. Rc6 Ra1 55. c5 a4 56. Ra6 a3 57. Kg2 Rc1 58. Rxa3 Rxc5 59. Kf3 Ke6 60. Ra8 Ke5 61. Re8+ Kd4 62. Rd8+ Ke5 63. Re8+ Kd4 64. Kg4 Re5 65. Rxe5 Kxe5 66. Kxg5 Kxe4 1/2-1/2

[Event "TUR-chT Clubs"]
[Site "Konya"]
[Date "2019.07.20"]
[Round "7.19"]
[White "Pulat, Gulce"]
[Black "Yorulmaz, Ali Alper"]
[Result "0-1"]
[WhiteElo "1568"]
[BlackElo "1236"]
[PlyCount "160"]
[EventDate "2019.07.16"]
[EventType "team-swiss"]
[EventRounds "9"]
[EventCountry "TUR"]
[SourceTitle "CBM 191 Extra"]
[Source "ChessBase"]
[SourceDate "2019.09.30"]
[SourceVersion "1"]
[SourceVersionDate "2019.09.30"]
[SourceQuality "1"]
[WhiteTeam "Tusas Dernegi"]
[BlackTeam "Bornova Belediyesi Genclik"]
[WhiteTeamCountry "TUR"]
[BlackTeamCountry "TUR"]

1. e4 c6 2. Nc3 d5 3. Nf3 dxe4 4. Nxe4 h6 5. Bc4 Bf5 6. Ng3 Bh7 7. d4 e6 8. 0-0 Nf6 9. Ne5 Be7 10. c3 0-0 11. Qe2 Nd5 12. f4 Nd7 13. Bxd5 cxd5 14. f5 Nxe5 15. Qxe5 Bd6 16. Qe3 Bxg3 17. Qxg3 Kh8 18. f6 gxf6 19. Qh4 f5 20. Qxh6 Rg8 21. Bf4 Rg6 22. Qh5 Qe7 23. Rae1 Rag8 24. Re2 R8g7 25. Bh6 Rg8 26. Rf3 Rg4 27. Rh3 f6 28. Bd2 Qg7 29. Rg3 Rxg3 30. hxg3 Qxg3 31. Qf7 Qg7 32. Qxg7+ Rxg7 33. Rxe6 Rg6 34. Re7 Rg7 35. Re6 Rg6 36. Rd6 Bg8 37. Rd8 Kh7 38. Bf4 Rg7 39. g3 Kg6 40. Rd6 Re7 41. Kf2 Re6 42. Rd8 Bf7 43. Ra8 a6 44. a4 Rb6 45. Bc1 Re6 46. Rb8 Re7 47. b4 Be8 48. Rd8 Bxa4 49. Rxd5 Rd7 50. Rc5 Bc6 51. Be3 Rd5 52. c4 Rxc5 53. bxc5 a5 54. d5 Bd7 55. Ke2 Kh5 56. Bf4 Kg4 57. Kd2 Kf3 58. Kc3 Ke4 59. Bc7 Kf3 60. Bxa5 Kxg3 61. Bd8 f4 62. Bxf6 f3 63. Bd4 Kf4 64. c6 bxc6 65. d6 Kg3 66. c5 f2 67. Bxf2+ Kxf2 68. Kd4 Ke2 69. Ke4 Kd2 70. Kd4 Kc2 71. Kc4 Be6+ 72. Kb4 Kd3 73. Ka5 Kc4 74. Kb6 Bd7 75. Kc7 Be8 76. Kb6 Kd5 77. Ka5 Kxc5 78. Ka4 Kc4 79. Ka3 Kc3 80. Ka2 c5 0-1

[Event "TUR Cup"]
[Site "Antalya"]
[Date "2019.01.31"]
[Round "8"]
[White "Pulat, Gulce"]
[Black "Capan, Firat"]
[Result "1-0"]
[WhiteElo "1554"]
[BlackElo "1155"]
[PlyCount "147"]
[EventDate "2019.01.27"]
[EventType "swiss"]
[EventRounds "11"]
[EventCountry "TUR"]
[SourceTitle "CBM 188 Extra"]
[Source "ChessBase"]
[SourceDate "2019.02.26"]
[SourceVersion "1"]
[SourceVersionDate "2019.02.26"]
[SourceQuality "1"]

1. e4 e5 2. Nf3 Nc6 3. Bb5 Nd4 4. Nxd4 exd4 5. 0-0 c6 6. Bc4 Bc5 7. Bxf7+ Kxf7 8. Qh5+ g6 9. Qxc5 Qf6 10. d3 d6 11. Qg5 Qxg5 12. Bxg5 h6 13. Bh4 Be6 14. Nd2 Ne7 15. f4 Rhg8 16. Rae1 Rae8 17. a4 c5 18. Kh1 Bd7 19. Nc4 Nc6 20. b3 a6 21. a5 Kg7 22. h3 h5 23. Bg3 Rgf8 24. f5 gxf5 25. Nxd6 Re7 26. Nxb7 fxe4 27. Rxf8 Kxf8 28. dxe4 Bxh3 29. Nxc5 Rg7 30. gxh3 Rxg3 31. Kh2 Rg6 32. Rd1 Ne7 33. Rxd4 Nc6 34. Rd5 Nb4 35. Rf5+ Ke7 36. c3 Nc2 37. Rxh5 Ne3 38. Rh7+ Kf6 39. b4 Nf1+ 40. Kh1 Nd2 41. Rh4 Rg3 42. Rf4+ Ke7 43. Kh2 Rxc3 44. Kg2 Rc4 45. Rf2 Nb1 46. Nxa6 Nc3 47. Rc2 Rc6 48. b5 Rg6+ 49. Kf3 Nxb5 50. Rb2 Nd4+ 51. Ke3 Ne6 52. Nb4 Rg3+ 53. Kd2 Rxh3 54. a6 Nc5 55. a7 Nxe4+ 56. Kc2 Rh8 57. Nc6+ Kd6 58. Rb8 Rh2+ 59. Kd3 Nc5+ 60. Ke3 Rh3+ 61. Kd4 Ne6+ 62. Kc4 Nc7 63. Na5 Rh5 64. a8Q Nxa8 65. Rxa8 Rh3 66. Ra6+ Ke7 67. Nb3 Rh5 68. Nd4 Rh4 69. Kd5 Rh5+ 70. Ke4 Rh4+ 71. Ke5 Kf7 72. Nf5 Rh5 73. Ra7+ Kg6 74. Rg7# 1-0

[Event "TUR Cup"]
[Site "Antalya"]
[Date "2019.01.28"]
[Round "2"]
[White "Pulat, Gulce"]
[Black "Nay, Berk"]
[Result "1-0"]
[WhiteElo "1554"]
[BlackElo "1042"]
[PlyCount "83"]
[EventDate "2019.01.27"]
[EventType "swiss"]
[EventRounds "11"]
[EventCountry "TUR"]
[SourceTitle "CBM 188 Extra"]
[Source "ChessBase"]
[SourceDate "2019.02.26"]
[SourceVersion "1"]
[SourceVersionDate "2019.02.26"]
[SourceQuality "1"]

1. e4 e5 2. Nf3 Nc6 3. Bb5 a6 4. Ba4 d6 5. c3 Nf6 6. d3 Bg4 7. 0-0 Be7 8. Re1 0-0 9. Nbd2 b5 10. Bc2 b4 11. Nf1 bxc3 12. bxc3 d5 13. Ba4 dxe4 14. Bxc6 exf3 15. gxf3 Rb8 16. fxg4 Qd6 17. Bg2 Nd5 18. c4 Nc3 19. Qf3 Rbd8 20. Bb2 Qxd3 21. Bxc3 Qxf3 22. Bxf3 Rd3 23. Re3 Rfd8 24. Bxe5 Bg5 25. Rxd3 Rxd3 26. Rb1 f6 27. Bd5+ Rxd5 28. cxd5 fxe5 29. Ne3 e4 30. Rb7 Bf4 31. Ra7 Be5 32. Rxa6 Bd6 33. Nf5 Be5 34. d6 cxd6 35. Nxd6 Kf8 36. Nxe4 g6 37. a4 Ke7 38. a5 Kd8 39. Ra7 Bd4 40. Rxh7 Kc8 41. a6 Kb8 42. h4 1-0

[Event "TUR Cup"]
[Site "Antalya"]
[Date "2019.01.27"]
[Round "1"]
[White "Demirag, Batuhan"]
[Black "Pulat, Gulce"]
[Result "1-0"]
[WhiteElo "1906"]
[BlackElo "1554"]
[PlyCount "117"]
[EventDate "2019.01.27"]
[EventType "swiss"]
[EventRounds "11"]
[EventCountry "TUR"]
[SourceTitle "CBM 188 Extra"]
[Source "ChessBase"]
[SourceDate "2019.02.26"]
[SourceVersion "1"]
[SourceVersionDate "2019.02.26"]
[SourceQuality "1"]

1. Nf3 Nf6 2. c4 d6 3. g3 g6 4. Bg2 Bg7 5. 0-0 0-0 6. d4 Nbd7 7. Nc3 c5 8. e4 a6 9. h3 Qc7 10. Qe2 cxd4 11. Nxd4 Ne5 12. b3 Bd7 13. Bb2 Rab8 14. Rac1 Rfc8 15. Rfd1 Bh6 16. f4 Nc6 17. Nd5 Nxd5 18. exd5 Nxd4 19. Bxd4 Re8 20. c5 Rbc8 21. c6 bxc6 22. dxc6 Bf5 23. Qf2 Rb8 24. Kh1 e5 25. Be3 exf4 26. Bxf4 Bxf4 27. Qxf4 Re5 28. Rd2 Rbe8 29. Rcd1 R8e6 30. Qb4 Be4 31. Qb7 Bxg2+ 32. Kxg2 Qxb7 33. cxb7 Rb5 34. Rxd6 Rxb7 35. Rxe6 fxe6 36. Rd6 Kf7 37. Rxa6 Kf6 38. Rc6 Ke5 39. Kf3 Rb4 40. Rc3 Kd4 41. Re3 Rb6 42. Re4+ Kc3 43. Kf4 Kb2 44. Re2+ Kc3 45. Ke5 Ra6 46. Kf6 Kd3 47. Rf2 Kd4 48. Rd2+ Ke3 49. Rb2 Kd4 50. b4 e5+ 51. Kg5 e4 52. b5 Rb6 53. a4 e3 54. a5 Re6 55. b6 e2 56. Rxe2 Rxe2 57. b7 Re8 58. a6 Kc5 59. a7 1-0

[Event "Ankara Baskent Univ op-B 3rd"]
[Site "Ankara"]
[Date "2018.09.01"]
[Round "9"]
[White "Pulat, Gulce"]
[Black "Karabas, Baris"]
[Result "1/2-1/2"]
[WhiteElo "1421"]
[BlackElo "1643"]
[PlyCount "80"]
[EventDate "2018.08.27"]
[EventType "swiss"]
[EventRounds "9"]
[EventCountry "TUR"]
[SourceTitle "EXT 2021"]
[Source "ChessBase"]
[SourceDate "2020.10.23"]
[SourceVersion "1"]
[SourceVersionDate "2020.10.23"]
[SourceQuality "1"]

1. e4 c6 2. Nc3 d5 3. Nf3 dxe4 4. Nxe4 Nf6 5. Qe2 Nxe4 6. Qxe4 Qd5 7. Qh4 e6 8. Bc4 Qd6 9. d3 b5 10. Bb3 Qb4+ 11. Qxb4 Bxb4+ 12. Bd2 Bd6 13. 0-0 Bb7 14. a4 Nd7 15. axb5 cxb5 16. Nd4 a6 17. Rfe1 0-0-0 18. c4 Nc5 19. cxb5 Nxb3 20. Nxb3 axb5 21. Ba5 Rd7 22. Rec1+ Kb8 23. Nd4 Be5 24. Nxb5 Bxb2 25. Rc7 Bxa1 26. Rxd7 Bc6 27. Rd6 Bxb5 28. Rb6+ Ka7 29. Rxb5 Ka6 30. Rb1 Kxa5 31. Rxa1+ Kb6 32. Rc1 Rd8 33. Rc3 Rd5 34. Kf1 Rc5 35. Rb3+ Kc6 36. Ke2 Rb5 37. Rc3+ Kd6 38. Rc4 Rh5 39. h4 Rc5 40. Rd4+ Rd5 1/2-1/2